| 000 | 00898cam a2200241 a 4500 | ||
|---|---|---|---|
| 001 | 000011632 | ||
| 005 | 20200929162517.0 | ||
| 008 | 020918s2002 ck a b 001 0 spa c | ||
| 020 | _a9588159342 | ||
| 040 |
_aDO-SdBNP _bspa _cBNPHU |
||
| 082 |
_a641.23 _bC169c |
||
| 100 | 1 |
_aCalvo Isaza, Óscar Iván. _d1976- _927548 |
|
| 245 | 1 | 3 |
_aLa ciudad en cuarentena : _bchicha, patología social y profilaxis / _cÓscar Iván Calva Isaza, Martha Saade Granados. |
| 260 |
_aBogotá : _bMinisteria de Cultura, _c2002. |
||
| 300 |
_a436 p. : _bil. ; _c21 cm. |
||
| 500 | _aIncluye referencias bibliográficas y notas al pie de las páginas | ||
| 504 | _aBibliográfia : p. 429 | ||
| 586 | _aPremio departamentales de cultura 1998 | ||
| 650 | 4 |
_aBebidas alcoholicas _zColombia _927549 |
|
| 650 | 4 |
_aChicha _zColombia _927550 |
|
| 650 | 4 |
_aCerveza _zColombia _927551 |
|
| 700 | 1 |
_aSaade Granados, Marta. _927552 |
|
| 999 |
_c11325 _d11325 |
||